Juli menjaga rumah

Bibliographic Details
Main Author: Suraya Hussin
Format: Book
Published: Johor : Phd (m) sdn.bhd. , 2007
Series:Siri pengembaraan juli
Subjects:

MARC

LEADER 00000cam a2200000 7i4500
001 0000077504
005 20180108.0
008 180108
020 |a 9833115918 (set) 
020 |a 9833115993 
090 0 0 |a JF   |b MAL 
100 1 |a Suraya Hussin 
245 1 0 |a Juli menjaga rumah   |c Suraya Hussin 
260 |a Johor :   |b Phd (m) sdn.bhd. ,   |c 2007 
490 1 |a Siri pengembaraan juli 
650 0 |a Malay language--readers. 
999 |a 0001034490   |b Book   |c Children Collection   |e Cawangan Pontian